Analýza vlastností nových samoopravných kódov pomocou počítača

Guardado en:
Detalles Bibliográficos
Autor principal: Palaj, Miroslav (Autor)
Otros Autores: Farkaš, Peter, 1956- (Orientador)
Formato: Manuscrito Libro
Lenguaje:eslovaco
Publicado: Bratislava : STU v Bratislave FEI, 2004
Materias:
Etiquetas: Agregar Etiqueta
Sin Etiquetas, Sea el primero en etiquetar este registro!

MARC

LEADER 00000ntm a22000003a 4500
001 stu89125
005 20160719164709.7
008 040720s2004------------------------slo-d
040 |a STU  |b slo 
041 0 |a slo 
100 1 |a Palaj, Miroslav  |4 aut 
245 1 |a Analýza vlastností nových samoopravných kódov pomocou počítača 
260 |a Bratislava :  |b STU v Bratislave FEI,  |c 2004 
300 |a 49 s 
650 7 |a Telekomunikácie  |2 stusub 
700 1 |a Farkaš, Peter,  |d 1956-  |4 ths  |u E070  |U FEI Fakulta elektrotechniky a informatiky  |T FEI Ústav telekomunikácií  |X 1933  |U E070  |Y 818  |7 A000001933